000
00316nam a2200133Ia 4500
008
191201s2015 xx 000 0 und d
100
_a
DANDKAR, MM
245
0
_a
Water Power Engineering
250
_a
2nd
260
_c
2015
_b
Vikas Publication House
_a
N. Delhi
300
_a
610
650
_a
CIVIL
942
_2
ddc
_c
BB
999
_c
7669
_d
7669